_Organisational Behaviour and Analysis An Intergrated Approach / Rollingson Derek (Record no. 8077)
[ view plain ]
| 000 -LEADER | |
|---|---|
| fixed length control field | 00468nam a2200145Ia 4500 |
| 008 - FIXED-LENGTH DATA ELEMENTS--GENERAL INFORMATION | |
| fixed length control field | 151021s9999 xx 000 0 und d |
| 020 ## - INTERNATIONAL STANDARD BOOK NUMBER | |
| International Standard Book Number | 273711148 |
| 050 ## - LIBRARY OF CONGRESS CALL NUMBER | |
| Classification number | HD 58.7 .R654 2008 |
| 245 ## - TITLE STATEMENT | |
| Title | _Organisational Behaviour and Analysis An Intergrated Approach / Rollingson Derek |
| 260 ## - PUBLICATION, DISTRIBUTION, ETC. (IMPRINT) | |
| Place of publication, distribution, etc. | England : Pearson Education , 2008 |
| 300 ## - PHYSICAL DESCRIPTION | |
| Extent | xxii,759 p. |
| 500 ## - GENERAL NOTE | |
| General note | Includes index |
| 650 ## - SUBJECT ADDED ENTRY--TOPICAL TERM | |
| Topical term or geographic name as entry element | _Organisational Behaviour |
| 980 ## - EQUIVALENCE OR CROSS-REFERENCE-SERIES STATEMENT--PERSONAL NAME/TITLE [LOCAL, CANADA] | |
| Personal name | ^d20110725 12:27:54^okilerai |
No items available.